Score 0/52 Timer 07:00
0 Plays Today
Root Word Answer % Correct
-nounce (Lat, nuntiare: bring word)announce - to proclaim or declare
88.2%
-nounce (Lat, nuntiare: bring word)pronounce - to utter or sound words in a particular manner
87.5%
-gest (Lat, gerere: to carry or bear)digest - to convert food in the alimentary canal
85.8%
-flect (Lat, flectere: to bend, curve)reflect - to reproduce or mirror
84.2%
-gest (Lat, gerere: to carry or bear)ingest - to take into the body, consume
81%
-flect (Lat, flectere: to bend, curve)deflect - to turn aside or swerve
79.4%
-nounce (Lat, nuntiare: bring word)denounce - to publicly censure or condemn
78.9%
-ject (Lat, jacere: to throw)reject - to refuse or discard
76.6%
-herent (Lat, haerere: to stick)adherent - supporter, follower; sticking, clinging
75.6%
-herent (Lat, haerere: to stick)inherent - innate or intrinsic
73.8%
-flect (Lat, flectere: to bend, curve)inflect - to change the voice; to bend
70.8%
-mit (Lat, mittere: to send)admit - to allow to enter
69.6%
-herent (Lat, haerere: to stick)coherent - logical or lucid
68.4%
-ject (Lat, jacere: to throw)inject - to force into a passage or tissue
67.7%
-motion (Lat, movere: to move, stir)commotion - agitation, tumult or upheaval
67.1%
-mit (Lat, mittere: to send)remit - to send money as a payment
66.8%
-ject (Lat, jacere: to throw)project - to extend or protrude; a plan
66.6%
-motion (Lat, movere: to move, stir)demotion - to reduce to a lower rank
66.6%
-motion (Lat, movere: to move, stir)promotion - advancement in rank; publicity
66.1%
-nounce (Lat, nuntiare: bring word)renounce - to disown or put aside
63.8%
-mit (Lat, mittere: to send)commit - to pledge oneself
63.8%
-lect (Lat, legere: to gather, to read)elect - to choose or select by vote
63.3%
-ject (Lat, jacere: to throw)deject - to dispirit or dishearten
62.4%
-motion (Lat, movere: to move, stir)emotion - an affective state of feeling
62.4%
-ject (Lat, jacere: to throw)eject - evict, dispossess, or expel
60.1%
-ject (Lat, jacere: to throw)subject - to expose to; a theme or topic
59.9%
Root Word Answer % Correct
-ject (Lat, jacere: to throw)abject - utterly hopeless or wretched
58.2%
-mit (Lat, mittere: to send)emit - to send forth or release
58%
-mit (Lat, mittere: to send)permit - to allow
57.3%
-mit (Lat, mittere: to send)submit - to present for approval; to yield
57.1%
-ject (Lat, jacere: to throw)object - to oppose or be averse; a tangible thing
55.2%
-mit (Lat, mittere: to send)omit - to leave out
51.5%
-lect (Lat, legere: to gather, to read)collect - to accumulate or assemble
51.5%
-gest (Lat, gerere: to carry or bear)congest - to overcrowd or overburden
48.3%
-lect (Lat, legere: to gather, to read)select - to choose
48.3%
-mit (Lat, mittere: to send)demit - to resign or relinquish
47.1%
-gest (Lat, gerere: to carry or bear)suggest - to propose or recommend
46.9%
-motion (Lat, movere: to move, stir)locomotion - the act or power of moving
39%
-lect (Lat, legere: to gather, to read)intellect - capacity for thinking or acquiring knowledge
36.4%
-ject (Lat, jacere: to throw)interject - to interpose or insert between 2 things
35.5%
-mit (Lat, mittere: to send)transmit - to dispatch, convey, or pass forth
34.6%
-motion (Lat, movere: to move, stir)remotion - removal
33.9%
-gest (Lat, gerere: to carry or bear)egest - to discharge or excrete
27.1%
-flect (Lat, flectere: to bend, curve)genuflect - to bend the knee to the floor
26%
-mit (Lat, mittere: to send)intermit - to suspend temporarily
23.7%
-nounce (Lat, nuntiare: bring word)enounce - to enunciate or articulate
22%
-motion (Lat, movere: to move, stir)amotion - removal or ousting (esp from corp. office)
21.8%
-lect (Lat, legere: to gather, to read)prelect - to lecture publicly
19.7%
-ject (Lat, jacere: to throw)disject - to scatter or disperse
17.6%
-lect (Lat, legere: to gather, to read)neglect - to disregard or slight
13.7%
-mit (Lat, mittere: to send)manumit - to release from slavery or servitude
7%
-mit (Lat, mittere: to send)intromit - to let in or introduce
5.3%
Remove Ads.
Support Sporcle.
Get the best of Sporcle when you Go Orange. This ad-free experience offers more features, more stats, and more fun while also helping to support Sporcle. Thank you for becoming a member.

You're not logged in!

Compare scores with friends on all Sporcle quizzes.
OR
Log In

Show Comments

Extras

Top Quizzes Today


Score Distribution

Your Account Isn't Verified!

In order to create a playlist on Sporcle, you need to verify the email address you used during registration. Go to your Sporcle Settings to finish the process.

Report this User

Report this user for behavior that violates our Community Guidelines.

Details: